Literacy in society
Zapisane w:
| Główni autorzy: | , |
|---|---|
| Format: | Książka |
| Język: | angielski |
| Wydane: |
Nueva York
Addison Wesley Longman
1996
|
| Wydanie: | 1a. ed |
| Seria: | Applied Linguistics and Languge Study
|
| Hasła przedmiotowe: | |
| Etykiety: |
Dodaj etykietę
Nie ma etykietki, Dołącz pierwszą etykiete!
|
MARC
| LEADER | 00000nam a2200000 a 4500 | ||
|---|---|---|---|
| 001 | UCI4201 | ||
| 003 | CL-VaPUC | ||
| 008 | 071228e19960000US |||||||||||||||||eng|d | ||
| 020 | |a 058221792X | ||
| 082 | 0 | 4 | |a 302.2244 |b HAS |2 21 |
| 100 | |a Hasan, Ruqaiya |e author |9 525940 | ||
| 700 | 0 | |a Williams, Geoff |e author |9 525941 | |
| 245 | 1 | 0 | |a Literacy in society |
| 250 | |a 1a. ed | ||
| 300 | |a 431 p | ||
| 942 | |c BK | ||
| 945 | |d 20071228 00:00:00 |a cmena | ||
| 260 | |a Nueva York |b Addison Wesley Longman |c 1996 | ||
| 650 | 0 | |a Sociolingüística |9 263716 | |
| 650 | 0 | |a Comunicación escrita |9 345084 | |
| 650 | 0 | |a Educación lingüística |9 306506 | |
| 650 | 0 | |a Semiótica |9 265317 | |
| 650 | 0 | |a Lengua inglesa |9 318842 | |
| 583 | |a last modification |c 20071228 00:00:00 |k Rodrigo Vera | ||
| 490 | 0 | |a Applied Linguistics and Languge Study | |
| 999 | |c 328182 |d 328180 | ||
| 952 | |0 0 |1 0 |4 0 |6 302_224400000000000_HAS_1996 |7 0 |8 A |9 411978 |a FDOPOS |b FDOPOS |d 2019-11-22 |i 4398629 |o 302.2244 HAS 1996 |p 4398629 |r 2025-01-22 |w 2019-11-22 |y BK |k MLA | ||